The aztecs then and now (Record no. 9926)

MARC details
000 -CABECERA
campo de control de longitud fija 00841nam a2200277 a 4500
001 - NÚMERO DE CONTROL
campo de control BRL_1114
005 - FECHA Y HORA DE LA ÚLTIMA TRANSACCIÓN
campo de control 20190320211035.0
008 - DATOS DE LONGITUD FIJA--INFORMACIÓN GENERAL
campo de control de longitud fija 121113s1979----mx-a######---#000-0#eng-#
020 ## - NÚMERO INTERNACIONAL ESTÁNDAR DEL LIBRO
Número Internacional Estándar del Libro 9687074027
041 ## - CÓDIGO DE LENGUA
Código de lengua del texto/banda sonora o título independiente eng
044 ## - CÓDIGO DEL PAÍS DE LA ENTIDAD EDITORA/PRODUCTORA
Código MARC del país mx
050 #4 - SIGNATURA TOPOGRÁFICA DE LA BIBLIOTECA DEL CONGRESO
Número de clasificación F1219.73
Número de documento/Ítem .H67 1979
100 1# - ENTRADA PRINCIPAL--NOMBRE DE PERSONA
Nombre de persona Horcasitas, Fernando
9 (RLIN) 25827
245 10 - MENCIÓN DE TÍTULO
Título The aztecs then and now
Mención de responsabilidad, etc. by Fernando Horcasitas ; Drawings by Alberto Beltrán
260 ## - PUBLICACIÓN, DISTRIBUCIÓN, ETC.
Lugar de publicación, distribución, etc. México, D.F.
Nombre del editor, distribuidor, etc. Minutae Mexicana
Fecha de publicación, distribución, etc. 1979
300 ## - DESCRIPCIÓN FÍSICA
Extensión 168 p.
Otras características físicas il.
Dimensiones 21 cm.
440 #0 - MENCIÓN DE SERIE/PUNTO DE ACCESO ADICIONAL--TÍTULO
Título Indian peoples of Mexico series
9 (RLIN) 25828
500 ## - NOTA GENERAL
Nota general ej.1 Au1294, ej.2 Au2073
500 ## - NOTA GENERAL
Nota general La biblioteca cuenta con 2 ejemplares
504 ## - NOTA DE BIBLIOGRAFÍA, ETC.
Nota de bibliografía, etc. Bibliografía: p. 167-168
650 14 - PUNTO DE ACCESO ADICIONAL DE MATERIA--TÉRMINO DE MATERIA
Término de materia o nombre geográfico como elemento de entrada Aztecas
9 (RLIN) 2396
650 14 - PUNTO DE ACCESO ADICIONAL DE MATERIA--TÉRMINO DE MATERIA
Término de materia o nombre geográfico como elemento de entrada Indígenas de México
9 (RLIN) 4678
700 1# - PUNTO DE ACCESO ADICIONAL--NOMBRE DE PERSONA
Nombre de persona Beltrán, Alberto
Término indicativo de función/relación il.
9 (RLIN) 9572
902 ## - CATALOGADOR
Iniciales GRL
942 ## - ELEMENTOS DE PUNTO DE ACCESO ADICIONAL (KOHA)
Fuente del sistema de clasificación o colocación Library of Congress Classification
Tipo de ítem Koha Libros
Holdings
Estado de retiro Estado de pérdida Estado dañado No para préstamo Localización permanente Ubicación/localización actual Fecha de adquisición Total de préstamos Signatura topográfica completa Código de barras Fecha visto por última vez Precio válido a partir de Tipo de ítem Koha
El ejemplar forma parte de la colección y puede ser consultado según las políticas vigentes.       Biblioteca Centro de Estudios Ruth D. Lechuga Biblioteca Centro de Estudios Ruth D. Lechuga 12/11/2013   F1219.73 .H67 1979 GRL01223 22/03/2019 22/03/2019 Libros
El ejemplar forma parte de la colección y puede ser consultado según las políticas vigentes.       Biblioteca Centro de Estudios Ruth D. Lechuga Biblioteca Centro de Estudios Ruth D. Lechuga 29/12/2015   F1219.73 .H67 1979 GRL01746 22/03/2019 22/03/2019 Libros